|
|
|
|
| LEADER |
00000nam0a2200000 4500 |
| 001 |
312707 |
| 005 |
20250211063209.0 |
| 035 |
|
|
|a (RuTPU)RU\TPU\book\338077
|
| 090 |
|
|
|a 312707
|
| 100 |
|
|
|a 20151225d1981 k y0rusy5003 ca
|
| 101 |
0 |
|
|a rus
|
| 102 |
|
|
|a RU
|
| 105 |
|
|
|a a z 001zy
|
| 200 |
1 |
|
|a Исследования электрохимических энергоустановок
|e тематический сборник
|f Московский энергетический институт (МЭИ) ; под ред. Н. В. Коровина , А. Г. Кичеева
|
| 210 |
|
|
|a Москва
|c Изд-во МЭИ
|d 1981
|
| 215 |
|
|
|a 76 с.
|c ил.
|d 20 см.
|
| 225 |
1 |
|
|a Труды Московского энергетического института (МЭИ)
|a Вып. 541
|
| 320 |
|
|
|a Библиография в конце статей
|
| 500 |
1 |
0 |
|a Труды Московского энергетического института
|9 88841
|
| 606 |
1 |
|
|a Энергетические установки, электрохимические
|2 stltpush
|3 (RuTPU)RU\TPU\subj\21311
|9 46328
|
| 610 |
1 |
|
|a электрическая энергия
|
| 610 |
1 |
|
|a электрохимические генераторы
|
| 610 |
1 |
|
|a электролиз
|
| 610 |
1 |
|
|a химические источники тока
|
| 610 |
1 |
|
|a кинетические параметры
|
| 610 |
1 |
|
|a макрокинетика
|
| 610 |
1 |
|
|a адсорбция
|
| 610 |
1 |
|
|a десорбция
|
| 610 |
1 |
|
|a конденсаторы
|
| 610 |
1 |
|
|a пористые мембраны
|
| 610 |
1 |
|
|a газовыделение
|
| 675 |
|
|
|a 621.351
|v 4
|
| 702 |
|
1 |
|a Коровин
|b Н. В.
|4 340
|
| 702 |
|
1 |
|a Кичеев
|b А. Г.
|4 340
|
| 712 |
0 |
2 |
|a Московский энергетический институт (МЭИ)
|c (1930-1992)
|3 (RuTPU)RU\TPU\col\20092
|
| 801 |
|
0 |
|a RU
|b RuMRKP
|c 19950704
|g psbo
|
| 801 |
|
1 |
|a RU
|b 63413507
|c 20151225
|
| 801 |
|
2 |
|a RU
|b 63413507
|c 20171023
|g RCR
|
| 942 |
|
|
|c BK
|